Homosexualidad en la juventud mexicana y su distribución geográfica /José Moral-de-la-Rubia /
Con datos de la Segunda Encuesta de la Juventud, se buscó describir la prevalencia de relaciones, enamoramiento e identidad homosexuales, así como crear un índice compuesto con estas tres variables y contratar diferencias por región geográfica, estado federal y estrato poblacional. EN una muestra pr...
Guardado en:
| Autor principal: | |
|---|---|
| Formato: | Texto |
| Materias: | |
| Etiquetas: |
Agregar Etiqueta
Sin Etiquetas, Sea el primero en etiquetar este registro!
|
MARC
| LEADER | 00000 a a2200000 04500 | ||
|---|---|---|---|
| 001 | 42105 | ||
| 003 | |||
| 040 | |||
| 100 | |a Moral-de-la-Rubia, José | ||
| 245 | |a Homosexualidad en la juventud mexicana y su distribución geográfica /José Moral-de-la-Rubia / |c José Moral-de-la-Rubia | ||
| 500 | |a jose_moral@hotmail.com | ||
| 520 | |a Con datos de la Segunda Encuesta de la Juventud, se buscó describir la prevalencia de relaciones, enamoramiento e identidad homosexuales, así como crear un índice compuesto con estas tres variables y contratar diferencias por región geográfica, estado federal y estrato poblacional. EN una muestra probabilística de 25 630 hombres y mujeres mexicanos de 12 a 19 años, la prevalencia de enamoramiento homosexual fue de 11,5 por ciento; de relaciones homosexuales, 3.4 por ciento, y de identidad no heterosexual, 1.7 por ciento. | ||
| 590 | |a RRA/ENERO2012 | ||
| 650 | |a 1.HOMOSEXUALIDAD | ||
| 650 | |a 2.SEXUALIDAD | ||
| 650 | |a 3.COMPORTAMIENTO SEXUAL | ||
| 650 | |a 4.ADOLESCENTES | ||
| 650 | |a 5.MEXICO | ||
| 773 | |g volumen17, número67 ( , 2011), páginas 111-134 : tablas | ||
| 999 | |c 29215 |d 29215 | ||
